| 000 | 00708nam a22002177a 4500 | ||
|---|---|---|---|
| 003 | 0 | ||
| 005 | 20250923134939.0 | ||
| 008 | 250923b xxu||||| |||| 00| 0 eng d | ||
| 020 | _a978-1-77956-295-1 | ||
| 050 |
_aHG 4026 _b.L34 2025 |
||
| 100 |
_aLagare, Rexcel, _eauthor. |
||
| 245 |
_aPrinciples of managerial finance / _cRexcel Lagare. |
||
| 260 |
_aBurlington, ON : _bToronto Academic Press, _c2025. |
||
| 300 |
_axiv, 293 pages : _bcolored illustrations ; _c26 cm. |
||
| 504 | _aIncludes bibliographical references and index. | ||
| 650 | _aManagerial finance. | ||
| 650 |
_aCorporations _xFinance. |
||
| 650 |
_aBusiness enterprises _xFinance. |
||
| 650 | _aFinancial management. | ||
| 942 |
_2lcc _cBK |
||
| 999 |
_c368081 _d368081 |
||